Najlepsi Strzelcy Wszechczasów Premier League - Statystyki

Ogólne statystyki
  • Ten quiz został rozwiązany 739 razy
  • Średni wynik to 7 z 20
Statystyki odpowiedzi
Bramki Piłkarz % Poprawnych
208 Rooney
81%
167 Kane
75%
260 Shearer
70%
184 Aguero
64%
175 Henry
62%
177 Lampard
53%
121 Gerrard
46%
150 Owen
43%
144 Van Persie
41%
187 Cole
36%
125 Vardy
24%
122 Yorke
17%
163 Defoe
15%
126 Anelka
14%
116 Lukaku
14%
162 Fowler
13%
125 Keane
11%
149 Ferdinand
6%
127 Hasselbaink
5%
146 Sheringam
2%
Nie znaleziono quizów pasujących do podanych kryteriów
Rozkład punktacji
Procent ludzi z każdym wynikiem
Percentyl według liczby udzielonych odpowiedzi
Twoja historia wyników
Nie rozwiązałeś tego quizu